000 00440nam a2200133Ia 4500
008 100328s9999 xx 000 0 und d
082 _b10465
100 _aमोहन विश्वासराव
245 _aसंगीत रुढीची बेडी
260 _bत्रिदल
630 _aसंगीत रुढीची बेडी
730 _aसंगीत रुढीची बेडी
942 _cBOOK
999 _c505936
_d505933